NLSUI OPAC header image

A rural manifesto : (Record no. 211924)

MARC details
000 -LEADER
fixed length control field 01106cam a2200229 i 4500
005 - DATE AND TIME OF LATEST TRANSACTION
control field 20260507065900.0
008 - FIXED-LENGTH DATA ELEMENTS--GENERAL INFORMATION
fixed length control field 181206s2018 ii ab bs 001 0 eng d
020 ## - INTERNATIONAL STANDARD BOOK NUMBER
International Standard Book Number 9789353333096 (hbk.)
020 ## - INTERNATIONAL STANDARD BOOK NUMBER
International Standard Book Number 9353333091
082 04 - DEWEY DECIMAL CLASSIFICATION NUMBER
Classification number 307.720954 GAN
100 1# - MAIN ENTRY--PERSONAL NAME
Personal name Gandhi, Feroze Varun,
245 12 - TITLE STATEMENT
Title A rural manifesto :
Remainder of title realizing India's future through her villages /
Statement of responsibility, etc. Feroze Varun Gandhi.
264 #1 - PRODUCTION, PUBLICATION, DISTRIBUTION, MANUFACTURE, AND COPYRIGHT NOTICE
Place of production, publication, distribution, manufacture New Delhi :
Name of producer, publisher, distributor, manufacturer Rupa,
Date of production, publication, distribution, manufacture, or copyright notice 2018.
300 ## - PHYSICAL DESCRIPTION
Extent xx, 825 p. :
Dimensions 25 cm
505 ## - FORMATTED CONTENTS NOTE
Formatted contents note Contents:<br/>Preface<br/>Chapter-I On Agricultural Inputs<br/>Chapter-II-On Water Availability<br/>Chapter-III-On Energy Access<br/>Chapter-IV-On Agricultural Marketing<br/>Chapter-V- On Non-Farm Income<br/>Chapter-VI- On Handicrafts<br/>Chapter-VII- On Rural Labour<br/>Chapter-VIII- On Rural Education<br/>Chapter-IX- On Rural Healthcare<br/>Chapter-X- On Rural Credit<br/>Chapter-XI-A Way Forward<br/>Index<br/>
530 ## - ADDITIONAL PHYSICAL FORM AVAILABLE NOTE
Additional physical form available note Also available as an e-book.
650 #0 - SUBJECT ADDED ENTRY--TOPICAL TERM
Topical term or geographic name entry element Agriculture
General subdivision Economic aspects
Geographic subdivision India.
650 #0 - SUBJECT ADDED ENTRY--TOPICAL TERM
Topical term or geographic name entry element Rural development
Geographic subdivision India.
650 #7 - SUBJECT ADDED ENTRY--TOPICAL TERM
Topical term or geographic name entry element Agriculture
General subdivision Economic aspects.
Source of heading or term fast
650 #7 - SUBJECT ADDED ENTRY--TOPICAL TERM
Topical term or geographic name entry element Economic history.
Source of heading or term fast
942 ## - ADDED ENTRY ELEMENTS (KOHA)
Source of classification or shelving scheme Dewey Decimal Classification
Koha item type BOOKs
Holdings
Withdrawn status Lost status Source of classification or shelving scheme Materials specified (bound volume or other part) Damaged status Not for loan Home library Current library Shelving location Date acquired Source of acquisition Cost, normal purchase price Total Checkouts Full call number Barcode Date last seen Price effective from Koha item type Public note
    Dewey Decimal Classification HB     . . Gratis-Donated Books 03/05/2023 Gratis 995.00   307.720954 GAN - 1 39153 03/05/2023 03/05/2023 BOOKs Donated by Mr. Madhu K S, Assistant Librarian
    Dewey Decimal Classification HB     . . Gratis-Donated Books 03/05/2023 Gratis 995.00   307.720954 GAN - 2 39154 03/05/2023 03/05/2023 BOOKs Donated by Mr. Madhu K S, Assistant Librarian